ბათუმის შოთა რუსთაველის სახელმწიფო უნივერსიტეტის ბიბლიოთეკა

საქართველოს ეკონომიური ისტორია. წ. 2 (ბიბ.ჩანაწერი № 56648)

000 -LEADER
fixed length control field 01378nam a2200265Ia 4500
001 - CONTROL NUMBER
control field 23770
003 - CONTROL NUMBER IDENTIFIER
control field GE_BSU
008 - FIXED-LENGTH DATA ELEMENTS--GENERAL INFORMATION
fixed length control field 181216s||||||||xx |||||||||||||| ||und||
040 ## - CATALOGING SOURCE
Transcribing agency GE_BSU
080 ## - UNIVERSAL DECIMAL CLASSIFICATION NUMBER
Universal Decimal Classification number 338(479.22)(09)
100 ## - MAIN ENTRY--PERSONAL NAME
Personal name ჯავახიშვილი, ი.
245 ## - TITLE STATEMENT
Title საქართველოს ეკონომიური ისტორია. წ. 2
245 ## - TITLE STATEMENT
Remainder of title სურათებით.
250 ## - EDITION STATEMENT
Edition statement მეორე ახლად დაწერილი გამოცემა.
260 ## - PUBLICATION, DISTRIBUTION, ETC.
Place of publication, distribution, etc. ტფილისი
260 ## - PUBLICATION, DISTRIBUTION, ETC.
Name of publisher, distributor, etc. ფედერაცია
260 ## - PUBLICATION, DISTRIBUTION, ETC.
Date of publication, distribution, etc. 1934
300 ## - PHYSICAL DESCRIPTION
Extent 708 გვ. 25 სმ.
300 ## - PHYSICAL DESCRIPTION
Dimensions წანართი: შემოკლებული და ქარაგმიანი სიტყვებისა და სათაურების განმარტება (VII-VIIIგვ.).
300 ## - PHYSICAL DESCRIPTION
Accompanying material საძიებლები შედგენილი ნ. ბერძენიშვილი და სტ. მენთეშაშვილის მიერ. - მე-2 ახლად დაწერილი გამოცემა სურათებით.
653 ## - INDEX TERM--UNCONTROLLED
Uncontrolled term ეკონომიკა
653 ## - INDEX TERM--UNCONTROLLED
Uncontrolled term საქართველოს ეკონომიური ისტორია. წ. 2
942 ## - ADDED ENTRY ELEMENTS (KOHA)
Koha item type წიგნი
ეგზემპლარები
Withdrawn status Lost status Damaged status Not for loan Date acquired Barcode Date last seen Price effective from Koha item type
        2018-12-17 28539 2018-12-17 2018-12-17 წიგნი